Carta de suelos de la República Argentina hoja 3363-11, Leones /

Guardado en:
Autor Corporativo: Instituto Nacional de Tecnología Agropecuaria (Argentina). Centro de Investigación de Recursos Naturales.
Formato: Mapa
Idioma:Undetermined
Publicado: Buenos Aires : INTA, 1979.
Materias:
Etiquetas: Agregar Etiqueta
Sin Etiquetas, Sea el primero en etiquetar este registro!
LEADER 00956nem a22001815a 4500
001 EEA.libagro010187
005 20190510112620.0
008 141015s1979####ag########a#####1###und#d
082 0 4 |a 631.4782 
110 2 |a Instituto Nacional de Tecnología Agropecuaria (Argentina).  |b Centro de Investigación de Recursos Naturales. 
245 1 0 |a Carta de suelos de la República Argentina  |h [material cartográfico] :  |b hoja 3363-11, Leones /  |c Instituto Nacional de Tecnología Agropecuaria, [Centro de Investigación de Recursos Naturales, Unidad de Reconocimiento de Suelos]. 
255 |a Escala 1:50.000 
260 |a Buenos Aires :  |b INTA,  |c 1979. 
300 |a 87 p. :  |b il. ;  |c 28 cm. +  |e 4 fotocartas pleg. en sobre. 
500 |a Convenio INTA-SEAG de Córdoba. 
505 0 |a Hoja 3363-11-1 Noetinger -- Hoja 3363-11-2 Saira -- Hoja 3363-11-3 Leones -- Hoja 3363-11-4 Colonia Moreno. 
651 7 |a Argentina 
859 |a AR-BbBCA  |b BIB. AGRONOMIA  |h 631.4782  |i A691 3363-11  |p 1988/1113